Biblioteca y Centro de Documentación

La información en la empresa (Registro nro. 3370)

Detalles MARC
000 -CABECERA
Longitud fija campo de control 01710nam a2200409 c 4500
001 - NÚMERO DE CONTROL
Número de control 3370
003 - IDENTIFICADOR DE NÚMERO DE CONTROL
Identificador del número de control ES-MaCES
005 - FECHA Y HORA DE LA ÚLTIMA TRANSACCIÓN
Fecha y hora de la última transacción 20141221121644.0
008 - CAMPO FIJO DE DESCRIPCIÓN FIJA--INFORMACIÓN GENERAL
Códigos de información de longitud fija   970423s1994 sp ||| | spa d
035 ## - NÚMERO DE CONTROL DEL SISTEMA
Número de control del sistema CES19980033950m
040 ## - FUENTE DE CATALOGACIÓN
Centro catalogador de origen ES-MaCES
Lengua de catalogación spa
Centro transcriptor ES-MaCES
100 1# - ENCABEZAMIENTO PRINCIPAL--NOMBRE PERSONAL
Nombre de persona Garrido Pérez, Eva
9 (RLIN) 13149
245 13 - MENCIÓN DE TÍTULO
Título La información en la empresa
Resto del título : análisis jurídico de los poderes de información de los representantes de los trabajadores en la empresa
Mención de responsabilidad, etc. Eva Garrido Pérez
260 ## - PUBLICACIÓN, DISTRIBUCIÓN, ETC (PIE DE IMPRENTA)
Lugar de publicación, distribución, etc. Jerez (Cádiz)
Nombre del editor, distribuidor, etc. E. Garrido
Fecha de publicación, distribución, etc. [1994?]
300 ## - DESCRIPCIÓN FÍSICA
Extensión 458 h.
Dimensiones 30 cm
490 1# - MENCIÓN DE SERIE
Mención de serie Tesis doctorales
490 1# - MENCIÓN DE SERIE
Mención de serie Colección Estudios
Designación de volumen o secuencia 18
500 ## - NOTA GENERAL
Nota general En la port., además: Facultad de Derecho de Jerez, Universidad de Cádiz
500 ## - NOTA GENERAL
Nota general Tesis-Universidad de Cádiz
500 ## - NOTA GENERAL
Nota general Posteriormente, Premio Tesis Doctorales del Consejo Económico de España en la convocatoria de 1994, publicada en la Colección Estudios n. 18
504 ## - NOTA DE BIBLIOGRAFÍA, ETC.
Nota de bibliografía, etc. Bibliografía: h. 425-458
541 ## - NOTA DE LA FUENTE INMEDIANTE DE ADQUISICIÓN
Forma de adquisición Gratuito
650 #4 - ASIENTO SECUNDARIO DE MATERIA--TÉRMINO DE MATERIA
Término de materia o nombre geográfico como elemento inicial difusión de la información
9 (RLIN) 28915
650 #4 - ASIENTO SECUNDARIO DE MATERIA--TÉRMINO DE MATERIA
Término de materia o nombre geográfico como elemento inicial representante de los trabajadores
9 (RLIN) 28374
650 #4 - ASIENTO SECUNDARIO DE MATERIA--TÉRMINO DE MATERIA
Término de materia o nombre geográfico como elemento inicial derechos de los trabajadores
9 (RLIN) 29924
650 #4 - ASIENTO SECUNDARIO DE MATERIA--TÉRMINO DE MATERIA
Término de materia o nombre geográfico como elemento inicial participación de los trabajadores
9 (RLIN) 28378
650 #4 - ASIENTO SECUNDARIO DE MATERIA--TÉRMINO DE MATERIA
Término de materia o nombre geográfico como elemento inicial régimen jurídico
9 (RLIN) 29894
650 #4 - ASIENTO SECUNDARIO DE MATERIA--TÉRMINO DE MATERIA
Término de materia o nombre geográfico como elemento inicial España
9 (RLIN) 26964
650 #4 - ASIENTO SECUNDARIO DE MATERIA--TÉRMINO DE MATERIA
Término de materia o nombre geográfico como elemento inicial derecho del trabajo
9 (RLIN) 27165
653 10 - TÉRMINO DE INDEXACIÓN--NO CONTROLADO
Término no controlado Derecho del trabajo y Seguridad Social
710 2# - ENCABEZAMIENTO SECUNDARIO--NOMBRE CORPORATIVO
Nombre de entidad o nombre de jurisdicción como elemento inicial Universidad de Cádiz
Unidad subordinada Facultad de Derecho de Jérez
9 (RLIN) 5261
830 #0 - ENCABEZAMIENTO SECUNDARIO DE COLECCIÓN--TÍTULO UNIFORME
Título uniforme Tesis doctorales (Universidad de Cádiz)
9 (RLIN) 32587
830 #0 - ENCABEZAMIENTO SECUNDARIO DE COLECCIÓN--TÍTULO UNIFORME
Título uniforme Colección Estudios (Consejo Económico y Social (España))
Designación de volumen o secuencia 18
9 (RLIN) 32341
902 ## - CES. TIPO DE DOCUMENTO
Tipodoc (006$c Sirtex) LIB Libro
942 ## - ELEMENTOS KOHA
Fuente de clasificaión o esquema Clasificación propia del CES
Koha [por defecto] tipo de item Monografías
Parte de clasificación 6.0.1.
Existencias
Número de registro Signatura completa Tipo de item de Koha
018668 TESIS 28-94 Monografías
019695 TESIS 28-94 DUP Monografías
© CES, Consejo Económico y Social de España 2021